Joan Duran i Ferret : biografia d'un socialista històric català / Ventura Sella i Barrachina biografia d'un socialista històric català / Ventura Sella i Barrachina
ISBN:
84-932389-4-5
Descripción Física:
152 p. ; 20 cm
Colección:
Quarto de reixa ; 3
MARC
| LEADER | 00000nam a2200000Ia 4500 | ||
|---|---|---|---|
| 001 | 17008 | ||
| 008 | 160829s2003 xx 000 0 cat d | ||
| 020 | |a 84-932389-4-5 | ||
| 080 | |a H-2-296 | ||
| 100 | |a Sella i Barrachina, Ventura |9 23549 | ||
| 245 | |a Joan Duran i Ferret : |b biografia d'un socialista històric català / Ventura Sella i Barrachina | ||
| 260 | |a Sitges : |b El Pati Blau, |c 2003 | ||
| 300 | |a 152 p. ; |c 20 cm | ||
| 490 | |a Quarto de reixa ; 3 | ||
| 650 | |a Duran i Ferret, Joan, 1874-1941 |9 23550 | ||
| 650 | 0 | |a Polítics |z Catalunya |v Biografia |9 33087 | |
| 650 | |a Socialistes |x Catalunya |x Biografia |9 23552 | ||
| 901 | |a Arxiu | ||
| 942 | |n 1 | ||
| 952 | |0 0 |1 0 |4 0 |6 H2296 |7 1 |9 42748 |a Arxiu |b Arxiu |d 2016-12-01 |l 0 |o H-2-296 |p 17008 |r 2016-12-01 00:00:00 |w 2016-12-01 |y ARXIU | ||
| 999 | |c 45254 |d 45254 | ||